01150nam a2200265 a 450000100100000000500170001000800410002702000150006804000250008308200180010810000310012624501230015726000340028030000280031449000250034250400730036759000750044065000340051565000350054965100250058483000320060991000370064195201890067899900170086700003491620200930074002.0111021s1987 mx a 000 0 spa d a9683800629 aDO-SdBNPbspacBNPHU a709.72bC317a1 aCarrillo A., Rafael96048213aEl arte barroco en México :bdesde susu inicios, hasta el esplendor de los siglos XVII y XVIII /cRafael Carrillo A. aMéxico, :bPanorama,c1987. a162 p. :bil. ;c19 cm.1 aColección panorama aIncluye referencias bibliográficas y notas al pie de las páginas aPerteneció a la biblioteca personal de Juan Isidro Jimenes Grullón 4aArte barrocozMéxico960483 4aArte colonialzMéxico960484 4aArte Mexicano960485 0aColección panorama960486 aValidado. Control de calidad MFF 001050718MOaGRbGRcHDd2011-10-21iLF1l0o709.72 C317ap34916-10r2020-06-25w2020-06-25y1zPerteneció a la biblioteca personal de Juan Isidro Jimenes Grullón.ZNo se presta c34407d34407